Biggles and the black raider (Record no. 32215)

MARC details
000 -LEADER
fixed length control field 00276nam a2200109Ia 4500
082 ## - DEWEY DECIMAL CLASSIFICATION NUMBER
Classification number 82-3
Item number JOH
100 ## - MAIN ENTRY--AUTHOR NAME
Personal name Johns, W E
245 #0 - TITLE STATEMENT
Title Biggles and the black raider
260 ## - PUBLICATION, DISTRIBUTION, ETC. (IMPRINT)
Place of publication London
Name of publisher Hodder and Stoughton
Year of publication 1970
942 ## - ADDED ENTRY ELEMENTS (KOHA)
Koha item type Books
Holdings
Withdrawn status Lost status Damaged status Not for loan Home library Current library Date acquired Full call number Accession Number Koha item type
        RRII Library RRII Library 16/12/2021 82-3 JOH 12737 Books